Životné prostredie a investície

Saved in:
Bibliographic Details
Main Author: Vybíralová, Júlia
Corporate Author: Ekonomická univerzita v Bratislave. Fakulta podnikového manažmentu
Other Authors: Füzyová, Ľubica
Format: Book
Language:Slovak
Published: Bratislava Vydavateľstvo Ekonóm 2000
Subjects:
Tags: Add Tag
No Tags, Be the first to tag this record!

MARC

LEADER 00000nam a2200000 4500
001 c117413
005 20221123133810.3
020 |a 80-225-1195-1 
041 0 |a slo 
044 |a SK 
245 1 0 |a Životné prostredie a investície  |c Júlia Vybíralová, Ľuba Füzyová 
264 1 |a Bratislava  |b Vydavateľstvo Ekonóm  |c 2000 
300 |a 185 s. 
610 2 0 |a prostredie životné 
610 2 0 |a investície 
610 2 0 |a politika environmentálna 
610 2 0 |a nástroje ekonomické 
610 2 0 |a dane 
610 2 0 |a poplatky 
610 2 0 |a odpadky 
610 2 0 |a odpad 
610 2 0 |a pôda 
610 2 0 |a pôda poľnohospodárska 
610 2 0 |a zdroje prírodné 
610 2 0 |a ekológia 
100 1 |a Vybíralová, Júlia 
700 1 |a Füzyová, Ľubica 
710 2 |a Ekonomická univerzita v Bratislave. Fakulta podnikového manažmentu